000 00417nam a2200181Ia 4500
001 11538
005 20260306162835.0
008 260306t1980||||xx |||||||||||||| ||spa||
041 _aESP
082 _a985.072
_bK88
100 _aKuczynski, Pedro Pablo
_eAUT
245 0 _aDemocracia bajo presión económica
260 _c1980
300 _a
_c
650 _aGEN
654 _aCHU
942 _cLIB
_dJUS
_fJUS
_2ddc
_n
999 _c11538
_d11538